| 000 | 00501cam a2200157ua 4500 | ||
|---|---|---|---|
| 003 | OSt | ||
| 005 | 20260213112759.0 | ||
| 008 | 260213b |||||||| |||| 00| 0 eng d | ||
| 041 | _aeng | ||
| 082 |
_a028.76 _bMIN/DI |
||
| 245 | _aDirectory of extramural research & development projects approved for funding by selected central government agencies, departments during 1994-95 / | ||
| 250 | _a1 / | ||
| 260 |
_aIndia : _bMinistry of Science and Technology , _c1996. |
||
| 300 | _a188 ; . | ||
| 942 | _cBK | ||
| 999 |
_c8658 _d8658 |
||